00636nam a22001337a 4500008004500000020001800045082001600063100001900079245001300098250001300111260003600124300001300160520032900173221014b 2010 ||||| |||| 00| 0 eng d a9788129115300 a823.92bBHA aBhagat, Chetan a2 states a53rd ed. aNew DelhibRupa & Companyc2010 ax, 269p. a2 States by Chetan Bhagat is the story of Krish and Ananya who are from two different states of India, “stupidly in love” and want to get married not by eloping but with their parent's consent. Everything looks easy except Ananya is from a conservative Tamil family and Krish is from a typical Punjabi family.17-Aug-2013